000 00716nam a2200265 a 4500
999 _c5522
_d5522
001 5522
003 BD-JhCC
005 20180524094705.0
008 171217s2006 ii ||||| ||a| 00| 0 eng d
020 _a9780195667479
020 _a9780195663235
020 _a01905667476
020 _a0195663233
035 _a(BD-JhCC)5522
040 _aBD-JhCC
_dBD-JhCC
041 _aeng
082 _a423
_bCOM 2006
245 _aCompact Oxford Dictionary, Thesaurus, and wordpower Guide /
_ced. by Catherine Soanes
260 _aNew Delhi :
_bOxford University press,
_c2006.
300 _a1111 p. :
_c21 cm.
650 _aDictionaries, English
700 _aSoanes, Catherine
942 _2ddc
_cBK